FIFA World Cup Five Top-Performing Countries by Continent - Statistics

General Stats
  • This quiz has been taken 52 times
  • The average score is 27 of 28
Answer Stats
Continent Points Country % Correct
South America 158 Argentina
100%
Oceania 16 Australia
100%
South America 247 Brazil
100%
Europe 118 England
100%
Europe 225 Germany
100%
Europe 156 Italy
100%
Asia 27 Japan
100%
North America 66 Mexico
100%
Africa 22 Morocco
100%
Asia 31 South Korea
100%
Europe 110 Spain
100%
North America 35 United States
100%
South America 88 Uruguay
100%
Europe 131 France
98%
Oceania 3 New Zealand
98%
South America 31 Paraguay
98%
Africa 23 Cameroon
96%
Africa 18 Ghana
96%
South America 40 Chile
93%
North America 23 Costa Rica
93%
North America 3 Honduras
93%
Asia 13 Iran
91%
Africa 21 Nigeria
91%
North America 3 Jamaica
89%
Asia 14 Saudi Arabia
84%
Africa 18 Senegal
84%
North America 4 Cuba
82%
Asia 4 North Korea
71%
No matching quizzes found
Score Distribution
Percent of People with Each Score
Percentile by Number Answered
Your Score History
You have not taken this quiz